000 01423nam a2200445 c 4500
001 6754
003 ES-MaCES
005 20150929135407.0
008 980323s1997 sp ||| | spa d
017 _aM-44769-1997
_bDL
020 _a848681670X
024 7 _a353-97-003-7
_2nipo
035 _aCES19980068172m
040 _aES-MaCES
_bspa
_cES-MaCES
245 0 0 _aPlan estratégico de protección al consumidor para el período 1998-2001
260 _a[Madrid]
_bMinisterio de Sanidad y Consumo, Instituto Nacional del Consumo
_cD.L. 1997
300 _a67 p.
_c21 cm
500 _aTít. tomado de la cub.
541 _cGratuito
650 4 _aconsumo
_927907
650 4 _aprotección del consumidor
_929407
650 4 _aEspaña
_926964
650 4 _aComunidades Autónomas
_930768
650 4 _a1998-2001
_931298
650 4 _aplan de acción
_930406
650 4 _arégimen jurídico
_929894
650 4 _amercado
_927899
650 4 _aadministración de justicia
_927204
650 4 _aaccesibilidad
_929338
650 4 _aservicio de información
_928925
650 4 _arelaciones interinstitucionales
_930832
650 4 _ainforme
_928986
653 1 0 _aConsumo
650 4 _927308
_aasociación
650 4 _926752
_aUE
710 2 _aInstituto Nacional del Consumo (España)
_eed.
_94290
902 _aDOC Literatura gris
942 _2CES
_cBK
_h3.2.
999 _c6754
_d6754